| 000 | 00462nam a2200157 4500 | ||
|---|---|---|---|
| 001 | 148284 | ||
| 003 | ES-MaACL | ||
| 005 | 20230906202532.0 | ||
| 007 | t| | ||
| 008 | 070214s1940 gw r ||||1| ger d | ||
| 245 | 0 | 0 |
_aDer start in Leipzig / _cheraugegeben von Leipriger Messant. |
| 260 |
_aEssen (Alemania) : _bW. Girardet, _c1940. |
||
| 300 |
_a260 p., con láms. ; _c22 cm. |
||
| 700 | 1 |
_aMessant, Leipriger. _980677 |
|
| 852 |
_aES-MaACL _jF-15704 _bR.19204 |
||
| 999 |
_c148284 _d148284 |
||